Southville International School and Colleges
Your cart is empty.
  • Cart
  • Lists
    Public lists Eva Luna New books Lux_list list_1
    Your lists Log in to create your own lists
  • Log in to your account
  • Your cookies
  • Search history
Southville International School and Colleges
  • Advanced search
  • Recent comments
  • Most popular
  • Libraries

Log in to your account

Log in with GOOGLE


If you do not have an external account, but do have a local account, you can still log in:

  1. Home
  2. MARC view: The best laid plans :
Normal view MARC view ISBD view

The best laid plans : (Record no. 11236)

[ view plain ]
MARC details
000 -LEADER
fixed length control field 01065cam a2200337 a 4500
001 - CONTROL NUMBER
control field 1179759
003 - CONTROL NUMBER IDENTIFIER
control field LC
005 - DATE AND TIME OF LATEST TRANSACTION
control field 20160314145322.0
008 - FIXED-LENGTH DATA ELEMENTS--GENERAL INFORMATION
fixed length control field 970307s1997 nyu 000 1 eng
010 ## - LIBRARY OF CONGRESS CONTROL NUMBER
LC control number 97010955
020 ## - INTERNATIONAL STANDARD BOOK NUMBER
International Standard Book Number 0446604089
040 ## - CATALOGING SOURCE
Original cataloging agency DLC
Transcribing agency DLC
Modifying agency DLC
-- OCoLC
-- DLC
043 ## - GEOGRAPHIC AREA CODE
Geographic area code n-us-ky
050 00 - LIBRARY OF CONGRESS CALL NUMBER
Classification number PS 3569 .H3927
Item number .Sh544 1997
082 ## - DEWEY DECIMAL CLASSIFICATION NUMBER
Classification number FIC
Item number Sh4b 1997
100 1# - MAIN ENTRY--PERSONAL NAME
Personal name Sheldon, Sidney.
9 (RLIN) 19138
245 14 - TITLE STATEMENT
Title The best laid plans :
Remainder of title a novel /
Statement of responsibility, etc Sidney Sheldon.
250 ## - EDITION STATEMENT
Edition statement 1st ed.
260 ## - PUBLICATION, DISTRIBUTION, ETC. (IMPRINT)
Place of publication, distribution, etc New York :
Name of publisher, distributor, etc William Morrow,
Date of publication, distribution, etc c1997.
300 ## - PHYSICAL DESCRIPTION
Extent 372 p. ;
Dimensions 25 cm.
650 #0 - SUBJECT ADDED ENTRY--TOPICAL TERM
Topical term or geographic name as entry element Newspaper publishing
General subdivision Fiction.
9 (RLIN) 19440
650 #0 - SUBJECT ADDED ENTRY--TOPICAL TERM
Topical term or geographic name as entry element Presidents
Geographic subdivision United States
General subdivision Fiction.
9 (RLIN) 19441
651 #0 - SUBJECT ADDED ENTRY--GEOGRAPHIC NAME
Geographic name Kentucky
General subdivision Fiction.
9 (RLIN) 19442
655 #7 - INDEX TERM--GENRE/FORM
Genre/form data or focus term Adventure stories.
Source of term gsafd
9 (RLIN) 2927
655 #7 - INDEX TERM--GENRE/FORM
Genre/form data or focus term Political fiction.
Source of term lcsh
9 (RLIN) 1888
906 ## - LOCAL DATA ELEMENT F, LDF (RLIN)
a 7
b cbc
c orignew
d 1
e ocip
f 19
g y-gencatlg
942 ## - ADDED ENTRY ELEMENTS (KOHA)
Source of classification or shelving scheme Library of Congress Classification
Koha item type Books
Holdings
Withdrawn status Lost status Source of classification or shelving scheme Damaged status Home library Current library Shelving location Date acquired Source of acquisition Total Checkouts Full call number Barcode Date last seen Copy number Price effective from Koha item type
    Library of Congress Classification   Luxembourg Library Luxembourg Library Fiction Section 09/13/2013 Donation   PS 3569 .H3927 .Sh544 1997 4209 09/13/2013 1 09/13/2013 Books
    Library of Congress Classification   Luxembourg Library Luxembourg Library Fiction Section 09/17/2013 Donation   PS 3569 .H3927 .Sh544 1997 5534 09/17/2013 2 09/17/2013 Books

The best laid plans :

APA

Sheldon S., . (1997). The best laid plans. New York: William Morrow.

Chicago

Sheldon Sidney, . 1997. The best laid plans. New York: William Morrow.

Harvard

Sheldon S., . (1997). The best laid plans. New York: William Morrow.

MLA

Sheldon Sidney, . The best laid plans. New York: William Morrow. 1997.

  • Place hold
  • Print
  • Cite
  • Add to your cart (remove)
  • Save record
    BIBTEX Dublin Core MARCXML MARC (non-Unicode/MARC-8) MARC (Unicode/UTF-8) MARC (Unicode/UTF-8, Standard) MODS (XML) RIS
  • More searches
    Search for this title in:
    Other Libraries (WorldCat) Other Databases (Google Scholar) Online Stores (Bookfinder.com) Open Library (openlibrary.org)

Exporting to Dublin Core...

SOUTHVILLE LIBRARY

Southville International School and Colleges Library

1281 Tropical Ave. Cor. Luxembourg St., BF Homes International, Las Pinas City

Tel. No. 8256374 / 252358 Loc. 117/146

Powered by Koha